Rental market recovery? (Record no. 117792)
[ view plain ]
| 000 -LEADER | |
|---|---|
| fixed length control field | 01201cam a2200241 4500 |
| 001 - CONTROL NUMBER | |
| control field | WB@3612-477 |
| 008 - FIXED-LENGTH DATA ELEMENTS--GENERAL INFORMATION | |
| fixed length control field | 040729n2004 000 0 eng u |
| 035 ## - SYSTEM CONTROL NUMBER | |
| System control number | (Sirsi) u126971 |
| 245 ## - TITLE STATEMENT | |
| Title | Rental market recovery? |
| 260 ## - PUBLICATION, DISTRIBUTION, ETC. | |
| Date of publication, distribution, etc. | 2004 |
| 490 ## - SERIES STATEMENT | |
| Series statement | FPD Savills Research |
| Volume/sequential designation | August 2004 (2) |
| 520 ## - SUMMARY, ETC. | |
| Summary, etc. | The latest statistics from FPDSavills show that there is clear evidence that a recovery in the rental market is at last underway and that rents are slowly creeping up again. Factors centre around the first time buyer. They are holding off jumping onto the property ladder due to rising interest rates and uncertainty about the future for house prices. This means that many are choosing to stay in rented accommodation - which is not a bad short-term option. In central London, for example, it can be up to 30% cheaper to rent than buy, with a potential saving of up to £5 000 per annum. http://www.fpdsavills.co.uk/research.asp |
| 590 ## - LOCAL NOTE (RLIN) | |
| Local note | WB |
| 590 ## - LOCAL NOTE (RLIN) | |
| Local note | WB |
| 650 ## - SUBJECT ADDED ENTRY--TOPICAL TERM | |
| Topical term or geographic name entry element | BUY-TO-LET |
| 650 ## - SUBJECT ADDED ENTRY--TOPICAL TERM | |
| Topical term or geographic name entry element | RENTAL MARKET |
| 650 ## - SUBJECT ADDED ENTRY--TOPICAL TERM | |
| Topical term or geographic name entry element | HOUSE BUYING |
| 650 ## - SUBJECT ADDED ENTRY--TOPICAL TERM | |
| Topical term or geographic name entry element | RENTED HOUSING |
| 650 ## - SUBJECT ADDED ENTRY--TOPICAL TERM | |
| Topical term or geographic name entry element | PROPERTY FINANCE |
| 650 00 - SUBJECT ADDED ENTRY--TOPICAL TERM | |
| Topical term or geographic name entry element | FIRST-TIME BUYERS |
| 690 ## - LOCAL SUBJECT ADDED ENTRY--TOPICAL TERM (OCLC, RLIN) | |
| Topical term or geographic name as entry element | HOUSING-INVESTMENT |
| 942 ## - ADDED ENTRY ELEMENTS (KOHA) | |
| Suppress in OPAC | 0 |
| Withdrawn status | Lost status | Source of classification or shelving scheme | Damaged status | Not for loan | Home library | Current library | Shelving location | Date acquired | Total Checkouts | Full call number | Barcode | Date last seen | Copy number | Price effective from | Koha item type |
|---|---|---|---|---|---|---|---|---|---|---|---|---|---|---|---|
| Dewey Decimal Classification | London | London | News article | 29/07/2004 | WB4029-13 | 126971-1001 | 06/08/2019 | 1 | 06/08/2019 | News article |